[Event "SE-2016-0-00227"]
[Site "LSS email"]
[Date "2016.05.30"]
[Round "?"]
[White "Obrien, Glenn"]
[Black "Courteille, Thierry"]
[Result "0-1"]
[WhiteElo "1432"]
[BlackElo "1333"]
[PlyCount "150"]
[EventDate "2016.03.10"]
[EventType "tourn (corr)"]
[EventRounds "6"]
[EventCountry "GER"]
[SourceTitle "Corr 2022"]
[Source "ChessBase"]
[SourceDate "2021.10.24"]
[SourceVersion "1"]
[SourceVersionDate "2021.10.24"]
[SourceQuality "1"]

1. e4 d6 2. d4 Nf6 3. Nc3 Nbd7 4. Nf3 e5 5. Bc4 Be7 6. 0-0 0-0 7. Re1 c6 8. a4 Qc7 9. h4 exd4 10. Qxd4 Ne5 11. Nxe5 dxe5 12. Qd3 Rd8 13. Qf3 Rd4 14. Ba2 Bg4 15. Qg3 Bh5 16. f4 Bd6 17. fxe5 Bxe5 18. Qg5 Rad8 19. Rf1 Rxe4 20. Qxh5 Nxh5 21. Nxe4 Bd4+ 22. Kh1 Rd7 23. c3 Bb6 24. Bg5 h6 25. Rxf7 Rxf7 26. Rf1 hxg5 27. Rxf7 Qxf7 28. Bxf7+ Kxf7 29. Nxg5+ Kg6 30. b4 Bf2 31. Nf3 Ng3+ 32. Kh2 Ne4 33. c4 Kf5 34. a5 Bg3+ 35. Kh1 Kg4 36. Kg1 Bxh4 37. a6 bxa6 38. Ne5+ Kf5 39. Nxc6 Bf2+ 40. Kf1 Kf4 41. Ke2 Kg3 42. Kd3 Nf6 43. c5 Kxg2 44. Kc4 Ne4 45. Kd5 Nc3+ 46. Kc4 Nb5 47. Nb8 Nc7 48. Nc6 g5 49. Ne5 Kh3 50. Kd3 g4 51. Ke4 g3 52. Kf3 Nd5 53. Nd3 Bd4 54. Ke4 Nxb4 55. Nf4+ Kh2 56. Kxd4 a5 57. Kc4 g2 58. Nxg2 Kxg2 59. Kb5 Nd5 60. Kxa5 Nc7 61. Kb4 Kf3 62. Kc4 Ke4 63. c6 Ke5 64. Kc5 Ke6 65. Kc4 Kd6 66. Kb3 Kxc6 67. Ka4 Kc5 68. Ka5 a6 69. Ka4 Kb6 70. Kb3 Kb5 71. Kc3 a5 72. Kd2 Kb4 73. Kc2 Ka3 74. Kb1 Kb3 75. Kc1 a4 0-1

[Event "LSS No Engine Cup 154 Preliminary 0"]
[Site "LSS email"]
[Date "2016.05.29"]
[Round "?"]
[White "Courteille, Thierry"]
[Black "Hermans, Marcel"]
[Result "0-1"]
[WhiteElo "1600"]
[BlackElo "2074"]
[PlyCount "52"]
[EventDate "2016.05.30"]
[EventType "tourn (corr)"]
[EventRounds "6"]
[EventCountry "GER"]
[SourceTitle "Corr 2022"]
[Source "ChessBase"]
[SourceDate "2021.10.24"]
[SourceVersion "1"]
[SourceVersionDate "2021.10.24"]
[SourceQuality "1"]

1. d4 Nf6 2. Bf4 g6 3. Nf3 Bg7 4. e3 0-0 5. Bd3 d6 6. 0-0 Re8 7. Nbd2 Nbd7 8. e4 e5 9. dxe5 dxe5 10. Be3 Qe7 11. Qe2 Nc5 12. Rfd1 Nxd3 13. cxd3 c5 14. Rac1 b6 15. Nc4 Nh5 16. a4 Bd7 17. a5 b5 18. Ncd2 Nf4 19. Bxf4 exf4 20. Nb3 Rac8 21. d4 c4 22. Nc5 Bg4 23. b4 cxb3 24. Qxb5 b2 25. Rb1 Bxd4 26. Rxd4 Rb8 0-1

[Event "SE-2016-0-00227"]
[Site "LSS email"]
[Date "2016.05.29"]
[Round "?"]
[White "Courteille, Thierry"]
[Black "Wilshusen, Horst"]
[Result "1-0"]
[WhiteElo "1333"]
[BlackElo "1305"]
[PlyCount "69"]
[EventDate "2016.03.10"]
[EventType "tourn (corr)"]
[EventRounds "6"]
[EventCountry "GER"]
[SourceTitle "Corr 2022"]
[Source "ChessBase"]
[SourceDate "2021.10.24"]
[SourceVersion "1"]
[SourceVersionDate "2021.10.24"]
[SourceQuality "1"]

1. d4 Nf6 2. Bf4 d6 3. e3 g6 4. Nf3 Nh5 5. Bg5 h6 6. Bh4 Bg7 7. Bd3 c6 8. 0-0 g5 9. Nfd2 Nf6 10. Bg3 h5 11. f3 Nbd7 12. Bf2 Qc7 13. e4 e5 14. c3 Nf8 15. Be3 Bh6 16. Na3 Ng6 17. Nc2 Nf4 18. Bc4 Bd7 19. b4 g4 20. Kh1 b6 21. a4 Ke7 22. a5 h4 23. fxg4 Bxg4 24. Qe1 Bg5 25. h3 Be6 26. dxe5 dxe5 27. Bxe6 Kxe6 28. Nf3 Bh6 29. axb6 axb6 30. Rxa8 Rxa8 31. Qxh4 Ng8 32. Ncd4+ exd4 33. Nxd4+ Kd7 34. Qg4+ Kd8 35. Qxg8+ 1-0